Normal view
MARC view
- Nadeem Hashim
Entry Personal Name
001 - CONTROL NUMBER
- control field: 3056
003 - CONTROL NUMBER IDENTIFIER
- control field: NUST
005 - DATE AND TIME OF LATEST TRANSACTION
- control field: 20170622093541.0
008 - FIXED-LENGTH DATA ELEMENTS
- fixed length control field: 170622|| aca||aabn | a|a d
040 ## - CATALOGING SOURCE
- Original cataloging agency: NUST
- Transcribing agency: NUST
100 ## - HEADING--PERSONAL NAME
- Personal name: Nadeem Hashim
670 ## - SOURCE DATA FOUND
- Source citation: Work cat.: (NUST)0: Nadeem Hashim, Aik Muhabbat Aur Sahi, 2010
